[Event "19. Sahovski festival "]
[Site "Senta"]
[Date "2015.07.16"]
[Round "7.15"]
[White "Gabric, Goran"]
[Black "Davidovic, Zoran"]
[Result "1-0"]
[WhiteElo "2164"]
[BlackElo "1931"]
[PlyCount "83"]
[EventDate "2015.07.11"]

1. e4 d6 2. d4 Nf6 3. Nc3 a6 4. Be3 Nc6 5. Qd2 b5 6. f3 e6 7. g4 Be7 8. g5 Nh5
9. f4 g6 10. Be2 Ng7 11. d5 exd5 12. Nxd5 Bb7 13. h4 Qd7 14. h5 O-O-O 15. a4 b4
16. Rh4 gxh5 17. f5 Bf8 18. O-O-O Nb8 19. Qxb4 f6 20. gxf6 Ne8 21. Nh3 Bxd5 22.
Rxd5 Nxf6 23. Ba7 Qc6 24. Qxb8+ Kd7 25. Qb3 Nxd5 26. exd5 Qa8 27. Bd4 Rg8 28.
Rxh5 Re8 29. Rxh7+ Re7 30. Rxe7+ Bxe7 31. f6 Bf8 32. Qf3 c5 33. f7 Bh6+ 34. Be3
Bxe3+ 35. Qxe3 Rd8 36. Bg4+ Kc7 37. Qe7+ Kb6 38. Nf4 Ka5 39. Qc7+ Kxa4 40. b3+
Kb4 41. Qb6+ Kc3 42. Ne2# 1-0

[Event "19. Sahovski festival "]
[Site "Senta"]
[Date "2015.07.16"]
[Round "7.16"]
[White "Lovas, Miklos"]
[Black "Kecskemeti, Arpad"]
[Result "0-1"]
[WhiteElo "2029"]
[BlackElo "2152"]
[PlyCount "62"]
[EventDate "2015.07.11"]

1. e4 c5 2. Nf3 d6 3. d4 cxd4 4. Nxd4 Nf6 5. Nc3 a6 6. Be2 e5 7. Nb3 Be6 8. O-O
Nbd7 9. Be3 b5 10. f3 Be7 11. Nd5 Bxd5 12. exd5 Nb6 13. Bxb6 Qxb6+ 14. Kh1 O-O
15. c4 bxc4 16. Bxc4 Rfc8 17. Qd3 a5 18. a4 Qb4 19. Bb5 Qh4 20. Rae1 Nh5 21.
Kg1 Bd8 22. g3 Nxg3 23. hxg3 Qxg3+ 24. Kh1 Qh3+ 25. Kg1 Bb6+ 26. Re3 f5 27. Rf2
f4 28. Ree2 Rf8 29. Qc2 Rf6 30. Bd7 Qxd7 31. Kh1 Qh3+ 0-1

[Event "19. Sahovski festival "]
[Site "Senta"]
[Date "2015.07.16"]
[Round "7.17"]
[White "Nestorovic, Irena"]
[Black "Sahin, Ozgun"]
[Result "0-1"]
[WhiteElo "2019"]
[BlackElo "2106"]
[PlyCount "72"]
[EventDate "2015.07.11"]

1. d4 g6 2. c4 Bg7 3. Nc3 d6 4. Nf3 Nf6 5. e4 O-O 6. Be2 Nbd7 7. Qc2 e5 8. d5
a5 9. Bg5 h6 10. Bd2 Nc5 11. O-O Ng4 12. Be1 f5 13. Nd2 Nf6 14. f3 Bd7 15. Nb3
Na6 16. Rd1 Nb4 17. Qd2 Qe8 18. Qe3 Ba4 19. Nb5 Qd7 20. Bc3 b6 21. Rd2 fxe4 22.
fxe4 Na6 23. Nc1 Nc5 24. Bd3 Bxb5 25. cxb5 Nxd3 26. Qxd3 Qg4 27. Re1 Nd7 28.
Qg3 Qh5 29. Nd3 Bf6 30. Rf1 Bh4 31. Rxf8+ Rxf8 32. Qh3 Nf6 33. Qe6+ Kg7 34.
Nxe5 dxe5 35. Bxe5 Bg5 36. Rd3 Qe2 0-1

[Event "19. Sahovski festival "]
[Site "Senta"]
[Date "2015.07.16"]
[Round "7.18"]
[White "Matovic, Mihajlo Z"]
[Black "Dikic, Veljko"]
[Result "0-1"]
[WhiteElo "2100"]
[BlackElo "1947"]
[PlyCount "84"]
[EventDate "2015.07.11"]

1. e4 c5 2. Nf3 Nf6 3. Nc3 Nc6 4. Bb5 Qc7 5. O-O Nd4 6. Re1 a6 7. Bf1 Ng4 8. g3
Nxf3+ 9. Qxf3 Ne5 10. Qd1 d6 11. Bg2 g6 12. h3 Bg7 13. d3 Nc6 14. f4 e6 15. Ne2
O-O 16. c3 b5 17. Be3 Na5 18. Rc1 c4 19. d4 Nc6 20. g4 Ne7 21. Ng3 d5 22. e5 f5
23. Bf3 a5 24. Rc2 Kh8 25. Rg2 Bd7 26. Kh1 b4 27. Reg1 Bh6 28. Qd2 Rab8 29. h4
bxc3 30. bxc3 a4 31. h5 fxg4 32. Bxg4 a3 33. hxg6 Nxg6 34. Nh5 Qd8 35. Nf6 Rxf6
36. exf6 Qxf6 37. Qf2 Rb2 38. Qg3 Nxf4 39. Rxb2 axb2 40. Bf3 Bg5 41. Bxf4 Qxf4
42. Qxg5 Qxg5 0-1

[Event "19. Sahovski festival "]
[Site "Senta"]
[Date "2015.07.16"]
[Round "7.19"]
[White "Sarnyai, Daniel"]
[Black "Csikos, Mihaly"]
[Result "0-1"]
[WhiteElo "2007"]
[BlackElo "2064"]
[PlyCount "102"]
[EventDate "2015.07.11"]

1. c4 e6 2. Nc3 d5 3. d4 Nf6 4. Bf4 Bd6 5. Bxd6 Qxd6 6. c5 Qe7 7. Nf3 Nbd7 8.
Nb5 Qd8 9. e3 O-O 10. Bd3 a6 11. Nc3 c6 12. O-O Re8 13. Re1 e5 14. Bc2 e4 15.
Nd2 Nf8 16. f3 exf3 17. Qxf3 Bg4 18. Qf2 Bh5 19. h3 Bg6 20. Bxg6 Nxg6 21. Rf1
Qd7 22. Rae1 Rad8 23. Ne2 Ne4 24. Nxe4 dxe4 25. Ng3 f6 26. Nf5 Qd5 27. a3 Rd7
28. Qg3 Nf8 29. Rf4 Ne6 30. Rf2 Rf8 31. Ref1 Kh8 32. Nd6 Re7 33. Rf5 Qb3 34.
R1f2 Nxd4 35. Rg5 Ne2+ 36. Rxe2 fxg5 37. Qxg5 Re6 38. Rd2 Ref6 39. Nxe4 h6 40.
Qg3 Qc4 41. Rd7 R6f7 42. Rxf7 Qxf7 43. Nd6 Qf6 44. Nxb7 Qxb2 45. Qd6 Rf6 46.
Qd8+ Kh7 47. Nd6 Qa1+ 48. Kh2 Qe5+ 49. Kg1 Qxe3+ 50. Kh2 Qe5+ 51. Kg1 Qxc5+ 0-1

[Event "19. Sahovski festival "]
[Site "Senta"]
[Date "2015.07.16"]
[Round "7.20"]
[White "Korponai, Akos"]
[Black "Bernath, Robert"]
[Result "0-1"]
[WhiteElo "2002"]
[BlackElo "2049"]
[PlyCount "54"]
[EventDate "2015.07.11"]

1. e4 e5 2. Nf3 Nc6 3. Bb5 Nge7 4. O-O g6 5. d4 exd4 6. Nxd4 Bg7 7. Be3 O-O 8.
Nc3 d5 9. exd5 Nxd5 10. Nxd5 Qxd5 11. Bxc6 bxc6 12. c3 Ba6 13. Re1 Rfd8 14. Qa4
Bb7 15. f3 Be5 16. Nb3 Bd6 17. Na5 Ba6 18. c4 Qh5 19. h3 Re8 20. Bf2 Bc5 21.
Rxe8+ Rxe8 22. Rd1 Re2 23. Bxc5 Qxc5+ 24. Kh1 Qf2 25. Rg1 Bc8 26. Qd1 Bxh3 27.
Qf1 Qxf1 0-1

[Event "19. Sahovski festival "]
[Site "Senta"]
[Date "2015.07.16"]
[Round "7.21"]
[White "Jovanovic, Aleksandar D"]
[Black "Bal, Enes Emre"]
[Result "0-1"]
[WhiteElo "2240"]
[BlackElo "1886"]
[PlyCount "78"]
[EventDate "2015.07.11"]

1. e4 c5 2. b3 e5 3. Bb2 d6 4. Na3 g6 5. Ne2 Bg7 6. Nc3 Ne7 7. g3 O-O 8. Bg2
Nbc6 9. O-O f5 10. d3 f4 11. Nc4 Nd4 12. f3 b5 13. Nd2 fxg3 14. hxg3 Bh6 15.
Ncb1 Be3+ 16. Rf2 Nec6 17. c3 Bxf2+ 18. Kxf2 Ne6 19. Na3 a6 20. Qh1 d5 21. Rd1
d4 22. Nc2 dxc3 23. Bxc3 Qxd3 24. Nb1 Qxc2+ 25. Rd2 Qxe4 26. f4 Qf5 27. Bxc6
Nxf4 28. gxf4 Qxf4+ 29. Ke1 Bg4 30. Qd5+ Rf7 31. Qxf7+ Qxf7 32. Rf2 Qe7 33.
Bd5+ Kg7 34. Bxa8 Qd8 35. Bxe5+ Kg8 36. Bf3 Bxf3 37. Rxf3 Qd5 38. Re3 Qh1+ 39.
Kf2 Qxb1 0-1

[Event "19. Sahovski festival "]
[Site "Senta"]
[Date "2015.07.16"]
[Round "7.22"]
[White "Simonyi, Zoltan"]
[Black "Juhasz, Jeno"]
[Result "1-0"]
[WhiteElo "2227"]
[BlackElo "1942"]
[PlyCount "99"]
[EventDate "2015.07.11"]

1. d4 Nf6 2. c4 e6 3. Nc3 d5 4. Bg5 Be7 5. e3 Nbd7 6. Nf3 O-O 7. Rc1 c6 8. Qc2
h6 9. Bh4 b6 10. cxd5 cxd5 11. Bd3 Bb7 12. O-O Rc8 13. Qe2 Nb8 14. Ne5 Ne4 15.
Bxe7 Nxc3 16. Qd2 Ne2+ 17. Bxe2 Qxe7 18. Bh5 Nc6 19. f4 g6 20. Be2 Kg7 21. Bd3
Nb4 22. Bb1 Ba6 23. Rfe1 Bb5 24. Rc3 Rxc3 25. Qxc3 Rd8 26. Rc1 Na6 27. a3 Qb7
28. h3 Qe7 29. Kh2 h5 30. Qd2 Nb8 31. Rc3 Na6 32. Qc2 Rb8 33. Qc1 Rb7 34. Qe1
Rc7 35. Rxc7 Nxc7 36. Qg3 Qf6 37. Qe1 Qe7 38. Bc2 a5 39. Qc3 Qd6 40. Kh1 Be8
41. Bd3 f6 42. Nf3 Qc6 43. Qd2 Qa4 44. Kh2 Qb3 45. Nh4 f5 46. Nf3 Bf7 47. Ne5
Ne8 48. Qc1 Qa4 49. Qc8 Kf8 50. Qb7 1-0

[Event "19. Sahovski festival "]
[Site "Senta"]
[Date "2015.07.16"]
[Round "7.27"]
[White "Janjusevic, Branislav"]
[Black "Grbin, Stefan"]
[Result "0-1"]
[WhiteElo "1968"]
[BlackElo "1779"]
[PlyCount "46"]
[EventDate "2015.07.11"]

1. e4 e6 2. d4 d5 3. Nc3 Bb4 4. exd5 exd5 5. Bd3 Nc6 6. Nf3 Bg4 7. Be3 Nf6 8.
O-O O-O 9. a3 Ba5 10. b4 Bb6 11. Be2 Ne4 12. Na4 Re8 13. Rc1 Bxf3 14. Bxf3 Qf6
15. c3 a5 16. b5 Ne7 17. c4 Nf5 18. Nxb6 cxb6 19. cxd5 Qd6 20. Qb3 Nxe3 21.
Rfe1 Nd2 22. Qc3 Nxf3+ 23. gxf3 Qg6+ 0-1

[Event "19. Sahovski festival "]
[Site "Senta"]
[Date "2015.07.16"]
[Round "7.28"]
[White "Slavic, Nikola"]
[Black "Soklovacki, Mila"]
[Result "1-0"]
[WhiteElo "1948"]
[BlackElo "1901"]
[PlyCount "39"]
[EventDate "2015.07.11"]

1. c4 c5 2. Nc3 Nc6 3. e4 e5 4. Nf3 Nf6 5. d3 Be7 6. Nd5 d6 7. Be2 O-O 8. Nxe7+
Qxe7 9. Bg5 h6 10. Bh4 Be6 11. Qd2 a6 12. a3 a5 13. b3 b6 14. h3 Nd4 15. Nxd4
exd4 16. f4 Bd7 17. g4 Rfe8 18. Bf3 Nxe4 19. Bxe7 Nxd2 20. Kxd2 1-0

[Event "19. Sahovski festival "]
[Site "Senta"]
[Date "2015.07.16"]
[Round "7.29"]
[White "Miljkovic, Vukasin"]
[Black "Toth, Kazmer"]
[Result "0-1"]
[WhiteElo "1744"]
[BlackElo "1946"]
[PlyCount "88"]
[EventDate "2015.07.11"]

1. Nf3 Nf6 2. Nc3 d5 3. d4 e6 4. a3 a6 5. Bg5 Be7 6. Bxf6 Bxf6 7. e4 dxe4 8.
Nxe4 Be7 9. c3 b6 10. Qc2 Bb7 11. Be2 Nd7 12. O-O Nf6 13. Nxf6+ Bxf6 14. Qa4+
c6 15. Rad1 O-O 16. Ne5 Qc7 17. f4 b5 18. Qc2 c5 19. Ng4 Be7 20. Bf3 cxd4 21.
Bxb7 Qxb7 22. cxd4 Rac8 23. Qe2 Rfd8 24. f5 exf5 25. Rxf5 Qd7 26. Ne3 Bf8 27.
Qd3 Rc6 28. b4 Qc8 29. Rh5 g6 30. Rh4 Rc3 31. Qd2 Be7 32. Re4 Bg5 33. h4 f5 34.
Re5 Bxh4 35. Qa2+ Kg7 36. Nd5 Rc2 37. Qb3 Qc4 38. Qf3 Bf2+ 39. Kh1 Bxd4 40.
Re7+ Kf8 41. Rc7 Qxd5 42. Qxd5 Rxd5 43. Rxc2 f4 44. Rcd2 Rh5# 0-1

[Event "19. Sahovski festival "]
[Site "Senta"]
[Date "2015.07.16"]
[Round "7.32"]
[White "Mrzic, Branko"]
[Black "Horvat, Nevena"]
[Result "1/2-1/2"]
[WhiteElo "1877"]
[BlackElo "1727"]
[PlyCount "71"]
[EventDate "2015.07.11"]

1. Nf3 c5 2. g3 Nc6 3. Bg2 Nf6 4. O-O d5 5. d4 e6 6. c3 Be7 7. Nbd2 O-O 8. Ne5
Qb6 9. Ndf3 Nd7 10. b3 Rd8 11. e3 Qc7 12. Nxd7 Bxd7 13. Bb2 Rac8 14. h4 f6 15.
dxc5 Bxc5 16. Nd4 Ne7 17. Bh3 Qd6 18. a4 a6 19. b4 Bxd4 20. exd4 Nf5 21. Qd3
Qc7 22. Rfe1 Re8 23. f4 Nd6 24. Bg2 Nc4 25. Bc1 f5 26. Kh2 Nb6 27. a5 Bb5 28.
Qf3 Nd7 29. Bd2 Nf6 30. Qd1 Qf7 31. Bf3 Bd3 32. Rg1 h5 33. Rc1 Ng4+ 34. Bxg4
fxg4 35. Qe1 Qf5 36. Qe5 1/2-1/2

[Event "19. Sahovski festival "]
[Site "Senta"]
[Date "2015.07.16"]
[Round "7.33"]
[White "Ridjicki, Nenad"]
[Black "Farkas, Sandor I"]
[Result "0-1"]
[WhiteElo "1763"]
[BlackElo "1863"]
[PlyCount "94"]
[EventDate "2015.07.11"]

1. e4 c5 2. f4 d5 3. e5 Nc6 4. c4 d4 5. d3 e6 6. Nf3 b6 7. Nbd2 Bb7 8. a3 a5 9.
Ne4 Nh6 10. Bd2 Be7 11. Be2 Nf5 12. Rb1 O-O 13. O-O Qd7 14. Nfg5 Rfd8 15. Rf3
h6 16. Nh3 Bf8 17. Qf1 Kh8 18. Qf2 Be7 19. g4 Nh4 20. Rg3 Ng6 21. g5 Rg8 22.
Rg4 Kh7 23. Bf3 Raf8 24. Kh1 f5 25. exf6 gxf6 26. gxf6 Bxf6 27. Rbg1 e5 28. Qg3
Nce7 29. Qg2 Nh4 30. Nxf6+ Rxf6 31. Be4+ Nef5 32. Qf2 Rxg4 33. Rxg4 Ng6 34.
fxe5 Nxe5 35. Rf4 Nxd3 36. Qg2 Nxf4 37. Bxf4 Bxe4 38. Qxe4 Qc6 39. Qd5 Ne3 40.
Qxc6 Rxc6 41. b3 Nc2 42. Bc1 Na1 43. Nf4 Nxb3 44. Bb2 Nd2 45. Nd5 Nxc4 46. Bc1
d3 47. Ne7 Re6 0-1

[Event "19. Sahovski festival "]
[Site "Senta"]
[Date "2015.07.16"]
[Round "7.38"]
[White "Tomin, Kristifor"]
[Black "Radin, Vladimir"]
[Result "1-0"]
[WhiteElo "1890"]
[BlackElo "1679"]
[PlyCount "39"]
[EventDate "2015.07.11"]

1. d4 Nf6 2. Nf3 e6 3. Nbd2 c5 4. e3 Qc7 5. c3 d5 6. Ne5 c4 7. b3 b5 8. a4 bxa4
9. bxc4 dxc4 10. Qxa4+ Nbd7 11. Bxc4 Bb7 12. O-O Bd6 13. f4 O-O 14. Qc2 Rfc8
15. Bb2 Nb6 16. Bd3 Nbd5 17. Nec4 Nb6 18. Nxd6 Qxd6 19. Ne4 Nbd5 20. Nxd6 1-0

[Event "19. Sahovski festival "]
[Site "Senta"]
[Date "2015.07.16"]
[Round "7.41"]
[White "Bilic, Marijana"]
[Black "Abel, Istvan"]
[Result "1-0"]
[WhiteElo "1623"]
[BlackElo "1714"]
[PlyCount "115"]
[EventDate "2015.07.11"]

1. e4 c5 2. Nf3 Nc6 3. d4 cxd4 4. Nxd4 g6 5. c4 Bg7 6. Nc2 Nf6 7. Nc3 a6 8. Be2
O-O 9. Be3 d6 10. O-O Ne5 11. f3 Bd7 12. Qd2 Re8 13. Rac1 Qa5 14. c5 dxc5 15.
f4 Neg4 16. e5 Nxe3 17. Nxe3 Bc6 18. exf6 Rad8 19. Qc2 Bxf6 20. Kh1 Bd4 21. Nc4
Qc7 22. f5 b5 23. fxg6 hxg6 24. Nd2 Kg7 25. Nf3 Rh8 26. h3 Qg3 27. Ne4 Rxh3+
28. gxh3 Qxh3+ 29. Nh2 f5 30. Rf3 Qh4 31. Nxc5 Rd6 32. Rcf1 a5 33. Bd1 Bd5 34.
Nb3 Be4 35. Qe2 Bb6 36. Bc2 Bc6 37. Qe5+ Kh7 38. Qe1 Qh6 39. Qxe7+ Kg8 40. Qxd6
Bg1 41. Qg3 Be3 42. Bxf5 g5 43. Qb8+ Kg7 44. Qe5+ Kg8 45. Be6+ Kh7 46. Qxe3 Qg6
47. Qa7+ Kh6 48. Kg1 Bxf3 49. Nxf3 Qxe6 50. Qf2 a4 51. Nbd4 Qd5 52. Qe3 Kh5 53.
Qxg5+ Qxg5+ 54. Nxg5 Kxg5 55. Rf5+ Kg4 56. Rxb5 Kf4 57. Ra5 Ke4 58. Rxa4 1-0

[Event "19. Sahovski festival "]
[Site "Senta"]
[Date "2015.07.17"]
[Round "8.1"]
[White "Nestorovic, Dejan"]
[Black "Atalik, Suat"]
[Result "1/2-1/2"]
[WhiteElo "2408"]
[BlackElo "2564"]
[PlyCount "51"]
[EventDate "2015.07.11"]

1. d4 e6 2. c4 b6 3. a3 Bb7 4. Nc3 Nf6 5. d5 g6 6. g3 Bg7 7. Bg2 O-O 8. Nh3 c6
9. O-O cxd5 10. cxd5 Nxd5 11. Nxd5 Bxd5 12. Bxd5 exd5 13. Qxd5 Nc6 14. Rd1 Re8
15. Nf4 Qf6 16. Rb1 Rad8 17. b4 Ne7 18. Qb5 Qc6 19. Qd3 d5 20. Bb2 d4 21. Rbc1
Qb7 22. Rc2 Nf5 23. Qb3 Bh6 24. Ng2 Bg7 25. Nf4 Bh6 26. Ng2 1/2-1/2

[Event "19. Sahovski festival "]
[Site "Senta"]
[Date "2015.07.17"]
[Round "8.2"]
[White "Arsovic, Zoran"]
[Black "Vucinic, Gojko"]
[Result "0-1"]
[WhiteElo "2418"]
[BlackElo "2328"]
[PlyCount "78"]
[EventDate "2015.07.11"]

1. Nf3 Nf6 2. c4 g6 3. Nc3 d5 4. cxd5 Nxd5 5. Qb3 Nb6 6. d4 Bg7 7. e4 Bg4 8. d5
c6 9. a4 O-O 10. a5 N6d7 11. Be3 cxd5 12. exd5 Na6 13. Be2 Nac5 14. Qa3 Bxf3
15. gxf3 Rc8 16. O-O e6 17. Rad1 Qh4 18. b4 Na6 19. Ne4 Be5 20. f4 Bxf4 21.
Bxf4 Qxf4 22. dxe6 fxe6 23. Rxd7 Qxe4 24. Qh3 h5 25. Bd3 Qc6 26. Re7 Rf6 27.
Qg3 Rc7 28. b5 Qc3 29. Re8+ Kf7 30. Rd8 Nb4 31. Qd6 Kg7 32. Be4 Nd5 33. Bxd5
exd5 34. Qxd5 Rf5 35. Rd7+ Kh6 36. Rxc7 Qxc7 37. Qd2+ Rg5+ 38. Kh1 Qc4 39. Qc1
Qg4 0-1

[Event "19. Sahovski festival "]
[Site "Senta"]
[Date "2015.07.17"]
[Round "8.3"]
[White "Bratkovic, Jakob"]
[Black "Arsovic, Goran"]
[Result "0-1"]
[WhiteElo "2212"]
[BlackElo "2395"]
[PlyCount "118"]
[EventDate "2015.07.11"]

1. e4 c5 2. Nf3 d6 3. d4 cxd4 4. Nxd4 Nf6 5. Nc3 a6 6. Be3 e5 7. Nb3 Be6 8. f4
exf4 9. Bxf4 Nc6 10. Qe2 Be7 11. h3 Nd7 12. O-O-O Nce5 13. Kb1 Rc8 14. Nd5 Bxd5
15. exd5 O-O 16. Nd4 g6 17. g4 Bg5 18. Bg3 Bh4 19. Bf4 Re8 20. Qg2 Bg5 21. Bg3
Bf6 22. Bf2 Bh4 23. Rg1 Bxf2 24. Qxf2 Nc5 25. g5 Qb6 26. Nb3 Ned7 27. Qh2 a5
28. h4 a4 29. Nxc5 Nxc5 30. a3 Ne4 31. Ka2 Qc5 32. Bd3 Nf2 33. Rd2 Nxd3 34.
Rxd3 Qxc2 35. Qxc2 Rxc2 36. Rd4 b5 37. Rf1 Ree2 38. Rb4 Rc5 39. Rbf4 f5 40.
gxf6 Kf7 41. Rh1 Rxd5 42. Rc1 Rc5 43. Rd1 Rc6 44. Rdf1 Rc4 45. Rxc4 bxc4 46.
Rd1 Kxf6 47. Rd4 Kf5 48. Rxc4 Re4 49. Rc6 Rxh4 50. Rxd6 Ke5 51. Rd7 Ke6 52. Rd3
g5 53. b4 Rc4 54. Rh3 Rc7 55. Rh6+ Kf5 56. b5 g4 57. b6 Rb7 58. Kb2 g3 59. Kc2
g2 0-1

[Event "19. Sahovski festival "]
[Site "Senta"]
[Date "2015.07.17"]
[Round "8.4"]
[White "Nagy, Attila N"]
[Black "Baglan, Esat"]
[Result "0-1"]
[WhiteElo "2207"]
[BlackElo "2257"]
[PlyCount "78"]
[EventDate "2015.07.11"]

1. g3 d5 2. Bg2 Nf6 3. Nf3 c6 4. O-O Bf5 5. d3 e6 6. c4 Nbd7 7. Nc3 Be7 8. Bf4
O-O 9. h3 h6 10. Re1 Bh7 11. b3 Re8 12. a3 a5 13. Qc1 Bf8 14. Ne5 Nxe5 15. Bxe5
Nd7 16. Bf4 d4 17. Na4 e5 18. Bd2 e4 19. dxe4 b5 20. Nb2 Nc5 21. Qd1 Nxe4 22.
Bxe4 Rxe4 23. cxb5 cxb5 24. a4 b4 25. Nd3 Qd7 26. Kh2 Rae8 27. f3 R4e6 28. Nf4
Rc6 29. Rc1 Rec8 30. Rxc6 Qxc6 31. Bc1 Qc2 32. Qxd4 Qxb3 33. Bb2 Rc2 34. Ba1
Qc4 35. Qd8 Qc7 36. Qd4 Qc5 37. Qd8 b3 38. Bd4 Qd6 39. Qxd6 Bxd6 0-1

[Event "19. Sahovski festival "]
[Site "Senta"]
[Date "2015.07.17"]
[Round "8.5"]
[White "Popov, Stevan"]
[Black "Todorovic, Jovan"]
[Result "0-1"]
[WhiteElo "2153"]
[BlackElo "2402"]
[PlyCount "60"]
[EventDate "2015.07.11"]

1. e4 c5 2. Nf3 d6 3. d4 cxd4 4. Qxd4 Nc6 5. Bb5 Bd7 6. Bxc6 Bxc6 7. Nc3 Nf6 8.
Bg5 e6 9. O-O-O Be7 10. Rhe1 O-O 11. Qd3 Qa5 12. Kb1 Rfc8 13. h4 b5 14. e5 dxe5
15. Rxe5 Rd8 16. Nd4 Qc7 17. Qe2 b4 18. Nxc6 Qxc6 19. Rxd8+ Rxd8 20. Nd1 h6 21.
Bxf6 Bxf6 22. Re3 Qxg2 23. h5 Qh1 24. Rd3 Rxd3 25. cxd3 Bd4 26. Kc2 Qd5 27. Kb1
a5 28. Ne3 Qh1+ 29. Kc2 a4 30. Qg4 Qc6+ 0-1

[Event "19. Sahovski festival "]
[Site "Senta"]
[Date "2015.07.17"]
[Round "8.6"]
[White "Kumic, Filip"]
[Black "Farkas, Tibor"]
[Result "0-1"]
[WhiteElo "2253"]
[BlackElo "2251"]
[PlyCount "84"]
[EventDate "2015.07.11"]

1. d4 Nf6 2. c4 g6 3. Nc3 d5 4. Nf3 Bg7 5. Qb3 dxc4 6. Qxc4 O-O 7. e4 Na6 8.
Be2 c5 9. d5 e6 10. O-O exd5 11. exd5 Bf5 12. Rd1 Qb6 13. h3 Rad8 14. g4 Bc8
15. Be3 Rfe8 16. a3 Qa5 17. d6 Be6 18. Qf4 Bb3 19. Rd2 Nb8 20. Bc4 Bxc4 21.
Qxc4 b6 22. Bg5 Qa6 23. Qf4 Nbd7 24. Rad1 Re6 25. a4 Rde8 26. Bxf6 Bxf6 27. Nd5
Be5 28. Nxe5 Rxe5 29. Nf6+ Nxf6 30. Qxf6 Re1+ 31. Rxe1 Rxe1+ 32. Kh2 Qf1 33.
Kg3 Re3+ 34. f3 Qe1+ 35. Rf2 Re2 36. g5 Qxf2+ 37. Kg4 Qg2+ 38. Kh4 Qf2+ 39. Kg4
Qg1+ 40. Kh4 Qe1+ 41. Kg4 Rg2+ 42. Kf4 Qd2+ 0-1

[Event "19. Sahovski festival "]
[Site "Senta"]
[Date "2015.07.17"]
[Round "8.7"]
[White "Vranic, Ljubomir"]
[Black "Lazov, Toni"]
[Result "0-1"]
[WhiteElo "2213"]
[BlackElo "2141"]
[PlyCount "52"]
[EventDate "2015.07.11"]

1. e4 c5 2. Nf3 d6 3. d4 Nf6 4. Nc3 cxd4 5. Nxd4 a6 6. Bc4 e6 7. Bb3 Nbd7 8. f3
Nc5 9. Bc4 b5 10. Be2 b4 11. Nb1 e5 12. Nb3 d5 13. Be3 Ne6 14. exd5 Nxd5 15.
Bf2 Nef4 16. Bf1 Be7 17. h4 O-O 18. g3 Ne6 19. N1d2 a5 20. Ne4 a4 21. Nbc5 f5
22. Nxe6 Bxe6 23. Nc5 Bf7 24. Bh3 Qc7 25. Nd3 e4 26. Nc1 e3 0-1

[Event "19. Sahovski festival "]
[Site "Senta"]
[Date "2015.07.17"]
[Round "8.8"]
[White "Sahin, Ozgun"]
[Black "Marjanovics, Annamaria"]
[Result "1/2-1/2"]
[WhiteElo "2106"]
[BlackElo "2277"]
[PlyCount "74"]
[EventDate "2015.07.11"]

1. e4 d6 2. d4 Nf6 3. Nc3 g6 4. Be3 c6 5. a4 Nbd7 6. Nf3 e5 7. Qd2 Qc7 8. h3
Bg7 9. Be2 b6 10. O-O Bb7 11. Rfd1 Rd8 12. Bh6 O-O 13. Bxg7 Kxg7 14. Nh4 exd4
15. Qxd4 Nc5 16. b4 Ne6 17. Qe3 d5 18. exd5 cxd5 19. Nb5 Qxc2 20. Bd3 Qc6 21.
Nxa7 Qd6 22. Nb5 Qxb4 23. Qxb6 Rb8 24. Nf3 Nd7 25. Qd6 Ndc5 26. Nfd4 Nxd3 27.
Rxd3 Qxd6 28. Nxd6 Ba8 29. N4b5 Rb6 30. Rc3 Bc6 31. Rac1 Bd7 32. Rd1 Bc6 33.
Rdc1 Bd7 34. Rd1 Ra8 35. Rxd5 Rxa4 36. Nc7 Nf4 37. Rd2 Rxd6 1/2-1/2

[Event "19. Sahovski festival "]
[Site "Senta"]
[Date "2015.07.17"]
[Round "8.9"]
[White "Andrijevic, Milan"]
[Black "Ciric, Dragan"]
[Result "1-0"]
[WhiteElo "2268"]
[BlackElo "2125"]
[PlyCount "79"]
[EventDate "2015.07.11"]

1. e4 g6 2. d4 Bg7 3. Nf3 c5 4. Nc3 cxd4 5. Nxd4 Nc6 6. Be3 Nf6 7. Nb3 O-O 8.
Be2 Qc7 9. O-O Rd8 10. f4 d6 11. Qe1 d5 12. e5 Ne4 13. Nb5 Qb8 14. c4 dxc4 15.
Bxc4 a6 16. N5d4 e6 17. Nxc6 bxc6 18. Qe2 f5 19. exf6 Nxf6 20. Bd4 Nd5 21. Bxg7
Kxg7 22. Bxd5 cxd5 23. Nd4 Qd6 24. Rac1 Bd7 25. Qe5+ Qxe5 26. fxe5 Ra7 27. Rc3
Rf8 28. Rxf8 Kxf8 29. b4 Rb7 30. a3 Ke7 31. Kf2 Bb5 32. Rc8 Be8 33. Ke3 g5 34.
Nb3 h5 35. g3 Bg6 36. Nc5 Ra7 37. Rc6 a5 38. Rxe6+ Kf7 39. Rf6+ Kg7 40. Ne6+
1-0

[Event "19. Sahovski festival "]
[Site "Senta"]
[Date "2015.07.17"]
[Round "8.10"]
[White "Dermisek, Stipa"]
[Black "Meszaros, Bela"]
[Result "1-0"]
[WhiteElo "2077"]
[BlackElo "2206"]
[PlyCount "77"]
[EventDate "2015.07.11"]

1. d4 Nf6 2. Nf3 g6 3. c4 Bg7 4. Nc3 O-O 5. e4 d6 6. Be2 e5 7. Be3 Qe7 8. dxe5
dxe5 9. O-O c6 10. h3 Nbd7 11. Qc2 Nh5 12. Nd2 Nc5 13. b4 Ne6 14. Bxh5 gxh5 15.
c5 a5 16. a3 Nd4 17. Qd1 axb4 18. axb4 Rxa1 19. Qxa1 Nc2 20. Qb1 Nxe3 21. fxe3
Qg5 22. Rf3 Be6 23. Qf1 Rd8 24. Nc4 Bf8 25. Kh2 Kh8 26. Nb1 h4 27. Nbd2 b5 28.
cxb6 Bxb4 29. Nb3 Qg6 30. Nba5 Rg8 31. b7 Bc5 32. Qf2 Bb4 33. Qb2 Bxc4 34. Nxc4
Bd6 35. Nxd6 Qxd6 36. Rxf7 Rb8 37. Qf2 Kg8 38. Qf5 Qh6 39. Rc7 1-0

[Event "19. Sahovski festival "]
[Site "Senta"]
[Date "2015.07.17"]
[Round "8.11"]
[White "Scepanovic, Labud"]
[Black "Csikos, Mihaly"]
[Result "1/2-1/2"]
[WhiteElo "2172"]
[BlackElo "2064"]
[PlyCount "176"]
[EventDate "2015.07.11"]

1. g3 e5 2. Bg2 d5 3. c4 c6 4. cxd5 cxd5 5. d3 Nc6 6. Nc3 Bb4 7. Bd2 Nge7 8. a3
Bxc3 9. Bxc3 d4 10. Bd2 Be6 11. Nf3 O-O 12. O-O f5 13. b4 Ng6 14. Rc1 Rc8 15.
Rc5 h6 16. Qb1 Qf6 17. Rfc1 Rcd8 18. h4 Bd5 19. h5 e4 20. Ne1 Nge5 21. Bf4 b6
22. Rxd5 Rxd5 23. Qa2 Qf7 24. dxe4 Rd7 25. Qxf7+ Rfxf7 26. b5 d3 27. exd3 Nd4
28. Rc8+ Rf8 29. Rxf8+ Kxf8 30. Bxe5 Nxb5 31. a4 Nd4 32. exf5 a6 33. f4 b5 34.
axb5 axb5 35. Bxd4 Rxd4 36. Bc6 b4 37. Ba4 Rd5 38. Kf2 Rxf5 39. Bb3 Rxh5 40.
Nc2 Rc5 41. Ke3 Rc3 42. Nd4 Rc1 43. Kd2 Rg1 44. Ne2 Rg2 45. Ke3 Rh2 46. Nd4 Ke7
47. Bc4 Kf6 48. Kf3 h5 49. Ne2 Rh1 50. Bd5 Rd1 51. Ke3 g5 52. fxg5+ Kxg5 53.
Nd4 Re1+ 54. Kf2 Rc1 55. Nb3 Rc2+ 56. Kf3 Rc8 57. Bc4 Rf8+ 58. Kg2 Rf6 59. Nd2
Rb6 60. d4 h4 61. gxh4+ Kxh4 62. Kf3 Kg5 63. Ke4 Rb8 64. Ke5 Ra8 65. d5 Re8+
66. Kd4 Kf4 67. d6 Kf5 68. Bb5 Rb8 69. Bc4 Ra8 70. Kd5 Kf4 71. Nb3 Kf5 72. d7
Kf6 73. Kd6 Rh8 74. Nc5 Kf5 75. Ke7 Ke5 76. Bf7 Ra8 77. Nd3+ Kd4 78. Nxb4 Kc5
79. Nd5 Ra7 80. Nf6 Kc6 81. Ke8 Rxd7 82. Nxd7 Kd6 83. Kd8 Kc6 84. Ke7 Kb5 85.
Kd6 Kb4 86. Ke5 Kc3 87. Kd5 Kb3 88. Kd4+ Kc2 1/2-1/2

[Event "19. Sahovski festival "]
[Site "Senta"]
[Date "2015.07.17"]
[Round "8.12"]
[White "Bernath, Robert"]
[Black "Gabric, Goran"]
[Result "0-1"]
[WhiteElo "2049"]
[BlackElo "2164"]
[PlyCount "74"]
[EventDate "2015.07.11"]

1. e4 c5 2. Nf3 Nc6 3. d4 cxd4 4. Nxd4 g6 5. Nc3 Bg7 6. Be3 Nf6 7. f3 O-O 8.
Bc4 Rb8 9. Qd2 a6 10. O-O-O Na5 11. Bb3 b5 12. g4 Qc7 13. Kb1 Nc4 14. Bxc4 bxc4
15. Ka1 d6 16. h4 h5 17. gxh5 Nxh5 18. Nd5 Qb7 19. c3 e6 20. Nb4 Bd7 21. Rb1 a5
22. Nbc2 Rfc8 23. Ne2 e5 24. Bh6 Bh8 25. Rhg1 d5 26. Qxd5 Bc6 27. Qd2 Rd8 28.
Qe1 Rd3 29. Qf2 Kh7 30. Be3 Ba4 31. Ne1 Rd1 32. Bc1 Nf4 33. h5 Nxh5 34. Qe3 Bg7
35. Qc5 Nf4 36. Rh1+ Kg8 37. Nxf4 Rxc1 0-1

[Event "19. Sahovski festival "]
[Site "Senta"]
[Date "2015.07.17"]
[Round "8.13"]
[White "Bal, Enes Emre"]
[Black "Bratkovic, Sham"]
[Result "1-0"]
[WhiteElo "1886"]
[BlackElo "2152"]
[PlyCount "59"]
[EventDate "2015.07.11"]

1. c4 e5 2. g3 Nf6 3. Bg2 d5 4. cxd5 Nxd5 5. Nc3 Nb6 6. Nf3 Nc6 7. d3 Be7 8.
O-O O-O 9. Be3 Be6 10. a3 Nd5 11. Nxd5 Bxd5 12. b4 f6 13. Rc1 Nd4 14. Bxd4 exd4
15. Qc2 c6 16. Qb2 Bxf3 17. Bxf3 f5 18. Rc4 Bf6 19. b5 cxb5 20. Qxb5 Rb8 21.
Qxf5 b5 22. Rc6 Qe7 23. Rfc1 Qxa3 24. R1c5 a6 25. Rc7 Rbe8 26. Bd5+ Kh8 27. Be4
Rxe4 28. Qxe4 Qb4 29. Rh5 h6 30. Rxh6+ 1-0